000 00532nam a22001697a 4500
005 20251108174723.0
008 250721s2006 xx 000 0 ara d
082 1 4 _a577.2/شوا
100 1 _aالشواورة، علي سالم حميدان
245 1 0 _aعلم البيئة : نظامه, أهميته, مشكلاته /
264 1 _aرام الله :
_bمركز يافا للنشر والتوزيع،
_c2006.
300 _a356ص.
650 1 7 _aالبيئة
650 1 7 _aالتلوث
942 _2ddc
_cBK
999 _c116309
_d116309